[Event "FIDE Open World Blitz 2021"]
[Site "Warsaw"]
[Date "2021.12.30"]
[Round "13.15"]
[White "Ivic, Velimir"]
[Black "Alekseenko, Kirill"]
[Result "0-1"]
[WhiteElo "2575"]
[BlackElo "2710"]
[Annotator "ChessBase"]
[PlyCount "79"]
[EventDate "2021.12.29"]
[EventType "swiss"]
[EventCountry "POL"]
[Tiebreak "Cut1 Buchholz"]
[SourceTitle "playchess.com"]
[Source "ChessBase"]
[SourceQuality "1"]

1. e4 c5 2. Nf3 d6 3. d4 cxd4 4. Nxd4 Nf6 5. Nc3 Bd7 6. Bg5 a6 7. Qd2 e6 8.
O-O-O h6 9. Be3 Ng4 10. f4 Nxe3 11. Qxe3 Nc6 12. Nxc6 Bxc6 13. Bc4 Be7 14. Kb1
Qc7 15. f5 Bd7 16. Bb3 O-O-O 17. Qh3 d5 18. exd5 exf5 19. d6 Bxd6 20. Nd5 Qc5
21. Rd3 Kb8 22. Rhd1 Be6 23. Qf3 Be5 24. Qe2 Bd6 25. Rc3 Qa5 26. Ne3 Bxh2 27.
Bxe6 fxe6 28. g3 Bxg3 29. Nc4 Rxd1+ 30. Qxd1 Qd8 31. Qf3 Bc7 32. Rd3 Qh4 33. b3
Qe4 34. Qf1 Rd8 35. Re3 Qg4 36. Re1 h5 37. a4 h4 38. Ka2 h3 39. Ne3 Qg3 40. Qe2
0-1

[Event "FIDE Open World Blitz 2021"]
[Site "Warsaw"]
[Date "2021.12.30"]
[Round "13.15"]
[White "Kanarek, Marcel"]
[Black "Gabuzyan, Hovhannes"]
[Result "0-1"]
[WhiteElo "2342"]
[BlackElo "2580"]
[Annotator "ChessBase"]
[PlyCount "62"]
[EventDate "2021.12.29"]
[EventType "swiss"]
[EventCountry "POL"]
[Tiebreak "Cut1 Buchholz"]
[SourceTitle "playchess.com"]
[Source "ChessBase"]
[SourceQuality "1"]

1. d4 Nf6 2. Bf4 g6 3. Nc3 c5 4. d5 d6 5. e4 a6 6. a4 Bg7 7. Nf3 Bg4 8. Be2
Bxf3 9. Bxf3 Nbd7 10. O-O O-O 11. Qd2 Re8 12. Rfe1 Qa5 13. Ra3 Rab8 14. Nb1 Qc7
15. c4 b5 16. axb5 axb5 17. cxb5 Rxb5 18. Nc3 Rb7 19. Rea1 Reb8 20. R1a2 h5 21.
Be2 Ng4 22. h3 Nge5 23. Ra8 Nb6 24. Rxb8+ Qxb8 25. b3 Nbd7 26. Bd1 c4 27. bxc4
Nxc4 28. Qd3 Rb4 29. Ra4 Nc5 30. Rxb4 Qxb4 31. Qb1 Bxc3 0-1

[Event "FIDE Open World Blitz 2021"]
[Site "Warsaw"]
[Date "2021.12.30"]
[Round "13.16"]
[White "Sanal, Vahap"]
[Black "Quparadze, Giga"]
[Result "1-0"]
[WhiteElo "2590"]
[BlackElo "2475"]
[Annotator "ChessBase"]
[PlyCount "67"]
[EventDate "2021.12.29"]
[EventType "swiss"]
[EventCountry "POL"]
[Tiebreak "Cut1 Buchholz"]
[SourceTitle "playchess.com"]
[Source "ChessBase"]
[SourceQuality "1"]

1. e4 c5 2. Nc3 e6 3. g3 Nc6 4. Bg2 Nf6 5. d3 g6 6. Be3 d5 7. exd5 exd5 8. Bg5
Be6 9. Nge2 Bg7 10. O-O h6 11. Bxf6 Bxf6 12. Nf4 Bxc3 13. bxc3 O-O 14. Qd2 Kg7
15. Rab1 Rb8 16. Rfe1 Qd6 17. h4 b6 18. d4 cxd4 19. cxd4 Na5 20. Qd3 Bf5 21.
Qd1 Rbc8 22. Rc1 Be6 23. Qd3 Nc4 24. Rxe6 fxe6 25. Qxg6+ Kh8 26. Qxh6+ Kg8 27.
Nxe6 Qd7 28. Bxd5 Rf7 29. Qg6+ Kh8 30. Ng5 Rg7 31. Qh6+ Rh7 32. Qf6+ Qg7 33.
Nf7+ Kg8 34. Ne5+ 1-0

[Event "FIDE Open World Blitz 2021"]
[Site "Warsaw"]
[Date "2021.12.30"]
[Round "13.16"]
[White "Mikhalevski, Victor"]
[Black "Petrovskyi, Vadym"]
[Result "0-1"]
[WhiteElo "2577"]
[BlackElo "2377"]
[Annotator "ChessBase"]
[PlyCount "94"]
[EventDate "2021.12.29"]
[EventType "swiss"]
[EventCountry "POL"]
[Tiebreak "Cut1 Buchholz"]
[SourceTitle "playchess.com"]
[Source "ChessBase"]
[SourceQuality "1"]

1. Nf3 Nf6 2. g3 g6 3. b3 Bg7 4. Bb2 O-O 5. Bg2 d6 6. d4 Nbd7 7. O-O c6 8. a4
a5 9. Nbd2 Re8 10. Nc4 Qc7 11. Re1 Ne4 12. Qd3 d5 13. Nce5 Nxe5 14. Nxe5 Bf5
15. f3 Nd6 16. e4 Be6 17. h3 Rad8 18. Ng4 c5 19. exd5 Bxd5 20. Ne3 Be6 21. Rad1
cxd4 22. Bxd4 Bxd4 23. Qxd4 Nf5 24. Nxf5 Rxd4 25. Nxd4 Rd8 26. Kh2 Qb6 27. Nxe6
Rxd1 28. Rxd1 Qxe6 29. f4 b6 30. Rf1 Qe2 31. c4 Kg7 32. h4 h5 33. Rf3 e6 34.
Rc3 Qd2 35. Rf3 Kf6 36. Kh1 Kf5 37. Kh2 Qd1 38. Re3 Qd2 39. Re5+ Kf6 40. Rb5
Qd6 41. c5 bxc5 42. Rxa5 Kf5 43. Rb5 Kg4 44. a5 e5 45. Bh3+ Kf3 46. Bg2+ Kf2
47. Rb6 Qd3 0-1

[Event "FIDE Open World Blitz 2021"]
[Site "Warsaw"]
[Date "2021.12.30"]
[Round "13.17"]
[White "Kovalev, Vladislav"]
[Black "Gdanski, Jacek"]
[Result "1-0"]
[WhiteElo "2634"]
[BlackElo "2367"]
[Annotator "ChessBase"]
[PlyCount "51"]
[EventDate "2021.12.29"]
[EventType "swiss"]
[EventCountry "POL"]
[Tiebreak "Cut1 Buchholz"]
[SourceTitle "playchess.com"]
[Source "ChessBase"]
[SourceQuality "1"]

1. e4 e6 2. d4 d5 3. Bd3 c5 4. exd5 exd5 5. Nf3 Nc6 6. O-O cxd4 7. Re1+ Be7 8.
Bg5 Be6 9. Bxe7 Ngxe7 10. Nbd2 Qb6 11. Nb3 Bg4 12. h3 Bxf3 13. Qxf3 O-O 14. Re2
Rad8 15. Rae1 Ng6 16. Qg4 Rd6 17. h4 Rfd8 18. Re8+ Nf8 19. Qh5 Rh6 20. Qg5 Rxe8
21. Rxe8 Re6 22. Bxh7+ Kxh7 23. Rxf8 Qc7 24. Qh5+ Rh6 25. Qf5+ Rg6 26. h5 1-0

[Event "FIDE Open World Blitz 2021"]
[Site "Warsaw"]
[Date "2021.12.30"]
[Round "13.17"]
[White "Moroni, Luca Jr"]
[Black "Svane, Rasmus"]
[Result "1-0"]
[WhiteElo "2580"]
[BlackElo "2628"]
[Annotator "ChessBase"]
[PlyCount "79"]
[EventDate "2021.12.29"]
[EventType "swiss"]
[EventCountry "POL"]
[Tiebreak "Cut1 Buchholz"]
[SourceTitle "playchess.com"]
[Source "ChessBase"]
[SourceQuality "1"]

1. c4 Nf6 2. Nc3 e5 3. g3 Bb4 4. e4 Nc6 5. Nge2 d6 6. Bg2 O-O 7. O-O a6 8. d3
h6 9. h3 Bc5 10. Kh2 Rb8 11. a3 b5 12. b4 Bd4 13. cxb5 axb5 14. Nxd4 Nxd4 15.
Ne2 c5 16. Nxd4 cxd4 17. f4 Bb7 18. fxe5 dxe5 19. Bd2 Qd6 20. a4 Ba6 21. a5
Rbc8 22. Qb3 Nh5 23. Rf5 Nf6 24. Raf1 Kh7 25. g4 Rc7 26. g5 hxg5 27. Bxg5 Bc8
28. R5f2 Be6 29. Qd1 Nd7 30. Qh5+ Kg8 31. Qh4 f6 32. Bd2 Rc2 33. Bf3 Rf7 34.
Rg1 Re7 35. Bh5 Bf7 36. Bd1 Rb2 37. Rxg7+ Kxg7 38. Qh6+ Kg8 39. Rg2+ Bg6 40.
Qxg6+ 1-0

[Event "FIDE Open World Blitz 2021"]
[Site "Warsaw"]
[Date "2021.12.30"]
[Round "13.18"]
[White "Postny, Evgeny"]
[Black "Babazada, Khazar"]
[Result "1-0"]
[WhiteElo "2557"]
[BlackElo "2302"]
[Annotator "ChessBase"]
[PlyCount "155"]
[EventDate "2021.12.29"]
[EventType "swiss"]
[EventCountry "POL"]
[Tiebreak "Cut1 Buchholz"]
[SourceTitle "playchess.com"]
[Source "ChessBase"]
[SourceQuality "1"]

1. d4 Nf6 2. c4 g6 3. Nc3 Bg7 4. e4 d6 5. Nf3 O-O 6. Be2 Na6 7. Be3 c5 8. d5
Bg4 9. Nd2 Bxe2 10. Qxe2 Nc7 11. O-O a6 12. a4 Rb8 13. a5 b5 14. axb6 Rxb6 15.
Ra2 Qd7 16. h3 Rfb8 17. b3 e6 18. Na4 Rb4 19. e5 dxe5 20. Nxc5 Qd6 21. dxe6
fxe6 22. Rd1 Qc6 23. Qf3 Qe8 24. Nce4 Nd7 25. Nd6 Qe7 26. Qc6 Ne8 27. N2e4 Nxd6
28. Rxd6 Nf8 29. Bg5 Qf7 30. Rxa6 Rxb3 31. Ra8 h6 32. Be3 Rxa8 33. Qxa8 Kh7 34.
c5 Qf5 35. Ng3 Qb1+ 36. Kh2 Qe1 37. Qf3 Rb1 38. h4 Rb4 39. Ne4 Rb1 40. g3 Rb4
41. Qg2 Qb1 42. Nd2 Qe1 43. Nf3 Qa1 44. c6 e4 45. Nd2 Qa6 46. Nxe4 Be5 47. Rd8
Rc4 48. Rxf8 Kg7 49. Rd8 Qxc6 50. Rd1 Rxe4 51. Rc1 Qd5 52. Rb1 Rxh4+ 53. Kg1
Rc4 54. Qxd5 exd5 55. Rb7+ Rc7 56. Rb5 Rd7 57. Kf1 Bf6 58. Ke2 d4 59. Bd2 d3+
60. Kf3 Bd4 61. Rb3 Rf7+ 62. Ke4 Bxf2 63. Rxd3 g5 64. g4 Re7+ 65. Kf5 Rf7+ 66.
Ke6 Rf6+ 67. Ke5 Bb6 68. Bc3 Rf7 69. Ke6+ Kg8 70. Rd1 Bc7 71. Ra1 Rf3 72. Ra8+
Rf8 73. Ra7 Re8+ 74. Kf5 Re7 75. Bf6 Rd7 76. Kg6 Kf8 77. Ra8+ Bd8 78. Rxd8+ 1-0

[Event "FIDE Open World Blitz 2021"]
[Site "Warsaw"]
[Date "2021.12.30"]
[Round "13.18"]
[White "Faizrakhmanov, Ramil"]
[Black "Vidit, Santosh Gujrathi"]
[Result "1/2-1/2"]
[WhiteElo "2396"]
[BlackElo "2727"]
[Annotator "ChessBase"]
[PlyCount "56"]
[EventDate "2021.12.29"]
[EventType "swiss"]
[EventCountry "POL"]
[Tiebreak "Cut1 Buchholz"]
[SourceTitle "playchess.com"]
[Source "ChessBase"]
[SourceQuality "1"]

1. d4 Nf6 2. c4 e6 3. Nf3 d5 4. Nc3 a6 5. cxd5 exd5 6. Bg5 Be6 7. e3 Nbd7 8. h3
Bd6 9. Bd3 c6 10. Bf4 Qb8 11. Qd2 O-O 12. O-O Re8 13. Rfe1 g6 14. Rac1 Nh5 15.
Bxd6 Qxd6 16. Na4 Ng7 17. b4 Bf5 18. Nc5 Rab8 19. a4 Bxd3 20. Qxd3 Nb6 21. b5
axb5 22. axb5 Nc4 23. bxc6 bxc6 24. Nd2 Nxd2 25. Qxd2 Ne6 26. Nxe6 Rxe6 27. Rc3
Rb6 28. Rec1 h5 1/2-1/2

[Event "FIDE Open World Blitz 2021"]
[Site "Warsaw"]
[Date "2021.12.30"]
[Round "13.19"]
[White "Matlakov, Maxim"]
[Black "Caruana, Fabiano"]
[Result "1-0"]
[WhiteElo "2614"]
[BlackElo "2791"]
[Annotator "TA"]
[PlyCount "91"]
[EventDate "2021.12.29"]
[EventType "swiss"]
[EventCountry "POL"]
[Tiebreak "Cut1 Buchholz"]
[SourceTitle "playchess.com"]
[Source "ChessBase"]
[SourceQuality "1"]

1. d4 Nf6 2. c4 e6 3. Nf3 d5 4. g3 Bb4+ 5. Bd2 Be7 6. Bg2 O-O 7. O-O Nbd7 8.
Qc2 c6 9. Bf4 a5 10. Nbd2 Nh5 11. Be3 f5 12. Nb3 Nhf6 13. Nc1 Ne4 14. Nd3 Bf6
15. Rac1 Qe7 16. h4 a4 17. Bf4 h6 18. Nfe5 Kh7 19. f3 Nd6 20. b3 g5 21. hxg5
hxg5 22. Be3 Kg7 23. g4 Nf7 24. f4 Bxe5 25. Nxe5 Nf6 26. fxg5 Ne4 27. Bxe4 dxe4
28. Bf4 Nxe5 29. Bxe5+ Kg6 30. Bf6 Qh7 31. Qc3 axb3 32. axb3 Qh4 33. Qe3 Qxg4+
34. Kf2 Qh4+ 35. Kg2 Qg4+ 36. Kf2 e5 37. Rh1 f4 38. Qxe4+ Bf5 39. Qf3 e4 40.
Rh6+ Kf7 41. Rh7+ Ke6 42. d5+ Kd6 43. c5+ Kxd5 44. Rd1+ Kxc5 45. Qc3+ Kb5 46.
Qc4+ 1-0

[Event "FIDE Open World Blitz 2021"]
[Site "Warsaw"]
[Date "2021.12.30"]
[Round "13.19"]
[White "Klimkowski, Jan"]
[Black "Van Foreest, Lucas"]
[Result "0-1"]
[WhiteElo "2015"]
[BlackElo "2532"]
[Annotator "ChessBase"]
[PlyCount "80"]
[EventDate "2021.12.29"]
[EventType "swiss"]
[EventCountry "POL"]
[Tiebreak "Cut1 Buchholz"]
[SourceTitle "playchess.com"]
[Source "ChessBase"]
[SourceQuality "1"]

1. e4 c5 2. Nf3 a6 3. c4 Nc6 4. d4 cxd4 5. Nxd4 Nf6 6. Nc3 e5 7. Nc2 Bc5 8. Be2
d6 9. O-O Nd4 10. Nxd4 Bxd4 11. Qd3 Be6 12. Be3 Bxe3 13. Qxe3 O-O 14. Rfd1 Qc7
15. Rac1 Rac8 16. b3 Rfd8 17. f4 exf4 18. Qxf4 h6 19. Kh1 Qc5 20. Rd3 Qe5 21.
g3 Rc6 22. Rcd1 Rdc8 23. a4 Kf8 24. Nd5 Bxd5 25. exd5 Qxf4 26. gxf4 R6c7 27.
Bf3 a5 28. Kg2 Re8 29. Kf1 Nd7 30. Rb1 Nc5 31. Rc3 Na6 32. Kf2 b6 33. Bg4 Re4
34. Kf3 Rce7 35. Be6 Nc5 36. Bf5 Re2 37. b4 axb4 38. Rxb4 g6 39. Bh3 Rxh2 40.
Bf1 Ne4 0-1

[Event "FIDE Open World Blitz 2021"]
[Site "Warsaw"]
[Date "2021.12.30"]
[Round "13.20"]
[White "Bartel, Mateusz"]
[Black "Zilka, Stepan"]
[Result "1/2-1/2"]
[WhiteElo "2619"]
[BlackElo "2593"]
[Annotator "ChessBase"]
[PlyCount "191"]
[EventDate "2021.12.29"]
[EventType "swiss"]
[EventCountry "POL"]
[Tiebreak "Cut1 Buchholz"]
[SourceTitle "playchess.com"]
[Source "ChessBase"]
[SourceQuality "1"]

1. Nf3 Nf6 2. c4 e6 3. b3 d5 4. Bb2 Be7 5. e3 c5 6. cxd5 exd5 7. Nc3 d4 8. Bb5+
Bd7 9. Bxd7+ Qxd7 10. Ne2 dxe3 11. dxe3 O-O 12. Qxd7 Nfxd7 13. O-O-O Bf6 14.
Nc3 c4 15. Nd5 cxb3 16. Bxf6 Nxf6 17. Nxf6+ gxf6 18. axb3 Nc6 19. Kb2 Rac8 20.
Rd2 Rfd8 21. Rhd1 Rxd2+ 22. Rxd2 Rd8 23. Rc2 Kf8 24. Rc4 Rd1 25. Rf4 Ne5 26.
Rxf6 Ng4 27. Rf5 Rf1 28. Ng5 f6 29. Ne4 Ke7 30. f3 Nf2 31. Rh5 Nxe4 32. fxe4
Rf2+ 33. Kc3 Rxg2 34. Rxh7+ Kd6 35. h4 Rg4 36. Kd3 a5 37. Rxb7 Rxh4 38. Rb6+
Ke7 39. Rb5 Rh1 40. Rxa5 Rd1+ 41. Ke2 Rb1 42. Rb5 Kd6 43. Kd2 Kc6 44. Rb4 Kc5
45. Rc4+ Kb5 46. Rc8 Rb2+ 47. Kc3 Re2 48. Kd3 Rb2 49. Rb8+ Kc5 50. e5 fxe5 51.
Ke4 Kd6 52. Rb6+ Kc5 53. Rb8 Re2 54. Rd8 Rb2 55. Rd3 Rh2 56. Kxe5 Rh5+ 57. Kf4
Rh4+ 58. Kg3 Re4 59. Kf3 Rh4 60. Rd8 Rb4 61. Rd3 Rh4 62. Ke2 Kc6 63. Kd2 Rb4
64. Kc3 Re4 65. Kc2 Kc7 66. Kb2 Re5 67. b4 Re4 68. Kb3 Kc6 69. Ka4 Kb6 70. Rc3
Ka6 71. Kb3 Kb5 72. Rc5+ Kb6 73. Rc3 Kb5 74. Kc2 Kxb4 75. Kd2 Re8 76. Rc1 Kb5
77. Kd3 Rd8+ 78. Ke2 Re8 79. Rc7 Kb4 80. Kd3 Rd8+ 81. Ke4 Re8+ 82. Kf3 Rf8+ 83.
Ke2 Re8 84. Rd7 Kc4 85. Rd4+ Kc5 86. Kd3 Rh8 87. Rd7 Kc6 88. Rd4 Rh6 89. e4 Rd6
90. e5 Rxd4+ 91. Kxd4 Kd7 92. Kd5 Ke7 93. e6 Ke8 94. Kd6 Kd8 95. e7+ Ke8 96.
Ke6 1/2-1/2

[Event "FIDE Open World Blitz 2021"]
[Site "Warsaw"]
[Date "2021.12.30"]
[Round "13.20"]
[White "Michalik, Peter"]
[Black "Rapport, Richard"]
[Result "1-0"]
[WhiteElo "2605"]
[BlackElo "2763"]
[Annotator "TA"]
[PlyCount "123"]
[EventDate "2021.12.29"]
[EventType "swiss"]
[EventCountry "POL"]
[Tiebreak "Cut1 Buchholz"]
[SourceTitle "playchess.com"]
[Source "ChessBase"]
[SourceQuality "1"]

1. e4 c5 2. Nf3 d6 3. d4 cxd4 4. Nxd4 Nf6 5. Nc3 g6 6. Be3 Nc6 7. f3 h5 8. Qd2
Nxd4 9. Bxd4 Bh6 10. Be3 Bxe3 11. Qxe3 Be6 12. Bb5+ Kf8 13. Ba4 Qa5 14. O-O b5
15. Bb3 Bc4 16. Rfe1 Nd7 17. Nd5 Bxd5 18. Bxd5 Rc8 19. c3 Kg7 20. Kh1 Qb6 21.
Qxb6 Nxb6 22. Bb3 h4 23. Rad1 Rh5 24. Kg1 a5 25. a3 Nc4 26. Re2 Rhc5 27. Kf2 g5
28. Rd4 Ne5 29. Red2 Kf6 30. Rd5 Rxd5 31. Rxd5 Rc5 32. Rd2 Rc6 33. Ke3 e6 34.
g3 b4 35. cxb4 axb4 36. a4 g4 37. f4 Nf3 38. Rc2 Ra6 39. h3 hxg3 40. hxg4 Nh4
41. Rc1 e5 42. Rg1 g2 43. fxe5+ Kxe5 44. Rd1 Ra5 45. Kf2 Kf4 46. e5 Rxe5 47.
Rd4+ Kg5 48. Bd5 f5 49. Bxg2 fxg4 50. Bb7 Rf5+ 51. Kg3 Re5 52. Rxg4+ Kf6 53.
Rxh4 Re3+ 54. Kf4 Rb3 55. Rh6+ Ke7 56. Rh7+ Kd8 57. Bc6 Rxb2 58. Ke4 b3 59. Rb7
Kc8 60. Rb4 Kc7 61. Bd5 Re2+ 62. Kd3 1-0

[Event "FIDE Open World Blitz 2021"]
[Site "Warsaw"]
[Date "2021.12.30"]
[Round "13.21"]
[White "Indjic, Aleksandar"]
[Black "Shevchenko, Kirill"]
[Result "1-0"]
[WhiteElo "2603"]
[BlackElo "2647"]
[Annotator "ChessBase"]
[PlyCount "87"]
[EventDate "2021.12.29"]
[EventType "swiss"]
[EventCountry "POL"]
[Tiebreak "Cut1 Buchholz"]
[SourceTitle "playchess.com"]
[Source "ChessBase"]
[SourceQuality "1"]

1. d4 Nf6 2. Nc3 d5 3. Bf4 a6 4. e3 e6 5. a3 Bd6 6. Nf3 O-O 7. Bd3 c5 8. dxc5
Bxc5 9. O-O Nc6 10. e4 d4 11. Ne2 Re8 12. e5 Nd5 13. Bg3 b5 14. Be4 Bb7 15. Qd3
h6 16. Nexd4 Nxd4 17. Nxd4 Qb6 18. Ne2 a5 19. c3 Red8 20. Qf3 Ba6 21. Rfd1 Rab8
22. b4 Be7 23. Bxd5 Rxd5 24. Rxd5 Bb7 25. Nf4 exd5 26. Nxd5 Qe6 27. Nxe7+ Qxe7
28. Qe3 a4 29. Rd1 h5 30. h4 Rc8 31. f3 Qe6 32. Kh2 Qb3 33. Rd7 Bd5 34. Qg5 Be6
35. Rd8+ Rxd8 36. Qxd8+ Kh7 37. Qd3+ g6 38. Qxb5 Qxa3 39. Qc5 Qb2 40. Bf4 a3
41. Bg5 a2 42. Qf8 Bh3 43. Kxh3 a1=Q 44. Qxf7+ 1-0

[Event "FIDE Open World Blitz 2021"]
[Site "Warsaw"]
[Date "2021.12.30"]
[Round "13.21"]
[White "Christiansen, Johan-Sebastian"]
[Black "Lima, Darcy"]
[Result "1-0"]
[WhiteElo "2593"]
[BlackElo "2379"]
[Annotator "ChessBase"]
[PlyCount "94"]
[EventDate "2021.12.29"]
[EventType "swiss"]
[EventCountry "POL"]
[Tiebreak "Cut1 Buchholz"]
[SourceTitle "playchess.com"]
[Source "ChessBase"]
[SourceQuality "1"]

1. Nf3 d5 2. c4 e6 3. g3 Nf6 4. Bg2 c5 5. cxd5 Nxd5 6. O-O Be7 7. d4 Nc6 8. Nc3
O-O 9. e4 Nb6 10. d5 exd5 11. exd5 Nb4 12. Ne5 Bd6 13. f4 Re8 14. a3 Na6 15.
Qh5 g6 16. Qd1 c4 17. Kh1 Nc5 18. Be3 f6 19. Bd4 Nb3 20. Bxb6 axb6 21. Nxc4
Nxa1 22. Qxa1 Bf5 23. Rd1 Rc8 24. Qa2 Qc7 25. Nb5 Qxc4 26. Qxc4 Rxc4 27. Nxd6
Rcc8 28. Nxe8 Rxe8 29. d6 Rd8 30. Bxb7 Kf7 31. Bd5+ Be6 32. Bc6 Rc8 33. d7 Rd8
34. b4 Ke7 35. Kg1 Bxd7 36. Bxd7 Rxd7 37. Rxd7+ Kxd7 38. Kf2 Kc6 39. a4 Kd5 40.
Ke3 Kc4 41. a5 bxa5 42. bxa5 Kb5 43. Kd4 Kxa5 44. Kd5 Kb5 45. Ke6 f5 46. Kf6
Kc5 47. Kg7 Kd5 1-0

[Event "FIDE Open World Blitz 2021"]
[Site "Warsaw"]
[Date "2021.12.30"]
[Round "13.22"]
[White "Petrosian, Tigran L."]
[Black "Niemann, Hans Moke"]
[Result "1-0"]
[WhiteElo "2602"]
[BlackElo "2635"]
[Annotator "ChessBase"]
[PlyCount "55"]
[EventDate "2021.12.29"]
[EventType "swiss"]
[EventCountry "POL"]
[Tiebreak "Cut1 Buchholz"]
[SourceTitle "playchess.com"]
[Source "ChessBase"]
[SourceQuality "1"]

1. Nf3 d5 2. g3 Nc6 3. Bg2 e5 4. d3 Bg4 5. c3 a5 6. O-O h6 7. Nbd2 Nf6 8. e4
dxe4 9. dxe4 a4 10. Qe2 Bd6 11. h3 Be6 12. Nh4 O-O 13. Nc4 Bc5 14. Ne3 Na5 15.
Rd1 Nd7 16. Nhf5 Kh7 17. Ng4 Bxf5 18. exf5 Qe7 19. Bxh6 Rfd8 20. Rxd7 Rxd7 21.
Bxg7 f6 22. Bxf6 Qf8 23. Nxe5 Qxf6 24. Nxd7 Qd6 25. Qh5+ Kg8 26. Nxc5 Qxc5 27.
Qg6+ Kh8 28. f6 1-0

[Event "FIDE Open World Blitz 2021"]
[Site "Warsaw"]
[Date "2021.12.30"]
[Round "13.23"]
[White "Sargissian, Gabriel"]
[Black "Oparin, Grigoriy"]
[Result "0-1"]
[WhiteElo "2664"]
[BlackElo "2580"]
[Annotator "ChessBase"]
[PlyCount "118"]
[EventDate "2021.12.29"]
[EventType "swiss"]
[EventCountry "POL"]
[Tiebreak "Cut1 Buchholz"]
[SourceTitle "playchess.com"]
[Source "ChessBase"]
[SourceQuality "1"]

1. d4 Nf6 2. c4 e6 3. Nf3 d5 4. g3 dxc4 5. Bg2 Bb4+ 6. Bd2 a5 7. a3 Be7 8. Qa4+
Bd7 9. Qxc4 Bc6 10. Nc3 O-O 11. O-O Ne4 12. Bf4 Nxc3 13. Qxc3 Nd7 14. Rfd1 Nf6
15. Qc2 Bd6 16. Bg5 Be7 17. Ne5 Bxg2 18. Kxg2 c6 19. e4 Nd7 20. Bxe7 Qxe7 21.
Nf3 Rfd8 22. h4 h6 23. Re1 a4 24. Rad1 Ra5 25. d5 cxd5 26. exd5 e5 27. d6 Qe6
28. Qc7 Rda8 29. Qxb7 Rb8 30. Qc7 Rc5 31. Qa7 Rxb2 32. Qxa4 Rcc2 33. Rf1 Qf5
34. Qa8+ Kh7 35. Qd5 Nf6 36. Qxe5 Rxf2+ 37. Rxf2 Rxf2+ 38. Kxf2 Ng4+ 39. Kg2
Nxe5 40. Nxe5 Qxe5 41. Kf2 Qb2+ 42. Ke1 Qc3+ 43. Ke2 Qxa3 44. d7 Qa6+ 45. Rd3
Qa2+ 46. Kf3 Qa8+ 47. Kf2 Qd8 48. Kf3 Kg6 49. g4 Kf6 50. h5 Ke6 51. Ke3 Ke7 52.
Ke2 Qa8 53. d8=Q+ Qxd8 54. Rxd8 Kxd8 55. Ke3 Ke7 56. Ke4 Ke6 57. Kf3 Ke5 58.
Ke3 f5 59. Kf3 f4 0-1

[Event "FIDE Open World Blitz 2021"]
[Site "Warsaw"]
[Date "2021.12.30"]
[Round "13.23"]
[White "Najer, Evgeniy"]
[Black "Nevednichy, Vladislav"]
[Result "1-0"]
[WhiteElo "2654"]
[BlackElo "2379"]
[Annotator "ChessBase"]
[PlyCount "67"]
[EventDate "2021.12.29"]
[EventType "swiss"]
[EventCountry "POL"]
[Tiebreak "Cut1 Buchholz"]
[SourceTitle "playchess.com"]
[Source "ChessBase"]
[SourceQuality "1"]

1. d4 Nf6 2. c4 Nc6 3. Nf3 e6 4. Bf4 d5 5. e3 Bd6 6. Bg5 h6 7. Bh4 g5 8. Bg3
Ne4 9. Nc3 Bb4 10. Nd2 Nxc3 11. bxc3 Bxc3 12. Rc1 Bb4 13. Be2 Bd6 14. O-O Bxg3
15. fxg3 Qe7 16. Bd3 Bd7 17. Qh5 O-O-O 18. Qxf7 Rdf8 19. Qxe7 Nxe7 20. Nf3 Rf6
21. Ne5 Rhf8 22. Rxf6 Rxf6 23. Ng4 Rf8 24. Nxh6 Nc6 25. Ng4 Nb4 26. Bb1 dxc4
27. Rxc4 a5 28. Rc5 b6 29. Rxg5 Nd5 30. h4 Nc3 31. Bd3 Nxa2 32. h5 Nb4 33. h6
Nxd3 34. h7 1-0

[Event "FIDE Open World Blitz 2021"]
[Site "Warsaw"]
[Date "2021.12.30"]
[Round "13.24"]
[White "Kobalia, Mikhail"]
[Black "Onyshchuk, Volodymyr"]
[Result "0-1"]
[WhiteElo "2600"]
[BlackElo "2622"]
[Annotator "ChessBase"]
[PlyCount "110"]
[EventDate "2021.12.29"]
[EventType "swiss"]
[EventCountry "POL"]
[Tiebreak "Cut1 Buchholz"]
[SourceTitle "playchess.com"]
[Source "ChessBase"]
[SourceQuality "1"]

1. e4 d6 2. d4 g6 3. Bc4 Bg7 4. Nf3 e6 5. O-O Ne7 6. Bb3 a6 7. Re1 h6 8. Nbd2
b6 9. Nf1 Bb7 10. c3 Nd7 11. Ng3 O-O 12. h3 b5 13. Be3 Kh7 14. Qd2 Nb6 15. Rad1
a5 16. a3 a4 17. Ba2 Qd7 18. Qe2 Rae8 19. Nd2 f5 20. f4 fxe4 21. Ndxe4 Nf5 22.
Rf1 Qc6 23. Bc1 Nd5 24. Bb1 Re7 25. Bd3 Ba6 26. Kh2 Ref7 27. Rde1 Qd7 28. Bd2
c6 29. Bc1 Bc8 30. Bd2 Qd8 31. Bc1 Qh4 32. Nxf5 exf5 33. Nxd6 Re7 34. Qd1 Bd7
35. c4 bxc4 36. Nxc4 Rfe8 37. Rxe7 Rxe7 38. Ne5 c5 39. dxc5 Rxe5 40. g3 Qe7 41.
fxe5 Qxc5 42. Qc2 Qd4 43. Qc4 Qxe5 44. Rf2 Qd6 45. Re2 Be5 46. Rg2 h5 47. Bc2
Be6 48. Qxa4 Nf6 49. Qa7+ Kg8 50. Bg5 Bd5 51. Bxf6 Qxf6 52. Rd2 Qg5 53. Qg1
Bxg3+ 54. Qxg3 Qxd2+ 55. Kg1 Qc1+ 0-1

[Event "FIDE Open World Blitz 2021"]
[Site "Warsaw"]
[Date "2021.12.30"]
[Round "13.24"]
[White "Szpar, Milosz"]
[Black "Krasenkow, Michal"]
[Result "1-0"]
[WhiteElo "2285"]
[BlackElo "2576"]
[Annotator "ChessBase"]
[PlyCount "87"]
[EventDate "2021.12.29"]
[EventType "swiss"]
[EventCountry "POL"]
[Tiebreak "Cut1 Buchholz"]
[SourceTitle "playchess.com"]
[Source "ChessBase"]
[SourceQuality "1"]

1. e4 d6 2. d4 Nf6 3. Nc3 c6 4. Nf3 Bg4 5. h3 Bh5 6. Qe2 e6 7. g4 Bg6 8. h4 h5
9. g5 Nfd7 10. Bh3 Na6 11. d5 cxd5 12. exd5 e5 13. Nd4 Be7 14. Nf5 Bxf5 15.
Bxf5 g6 16. Bh3 O-O 17. Be3 Nb6 18. O-O-O Qc7 19. Kb1 Qc4 20. Qf3 Qb4 21. a3
Qa5 22. Qe4 Nc5 23. Qb4 Qxb4 24. axb4 Nca4 25. Ne4 Nc4 26. Bc1 a5 27. b3 axb4
28. bxc4 Ra5 29. Bd2 Ra6 30. Bd7 Nc5 31. Nxc5 dxc5 32. Bb5 Ra3 33. Bc1 Rf3 34.
d6 Bd8 35. Bb2 f6 36. gxf6 Bxf6 37. d7 Rd8 38. Rhg1 Kh7 39. Rde1 Rf5 40. Re2
Kg7 41. Rd1 Kf7 42. Rd6 Bxh4 43. Bxe5 Bxf2 44. Rd5 1-0

[Event "FIDE Open World Blitz 2021"]
[Site "Warsaw"]
[Date "2021.12.30"]
[Round "13.25"]
[White "Murzin, Volodar"]
[Black "Adly, Ahmed"]
[Result "1-0"]
[WhiteElo "2519"]
[BlackElo "2602"]
[Annotator "ChessBase"]
[PlyCount "71"]
[EventDate "2021.12.29"]
[EventType "swiss"]
[EventCountry "POL"]
[Tiebreak "Cut1 Buchholz"]
[SourceTitle "playchess.com"]
[Source "ChessBase"]
[SourceQuality "1"]

1. e4 c5 2. Nf3 d6 3. Bb5+ Bd7 4. Bxd7+ Qxd7 5. O-O Nc6 6. c3 Nf6 7. Qe2 e6 8.
d4 cxd4 9. cxd4 d5 10. e5 Ng8 11. Nc3 Nge7 12. Rd1 Nf5 13. g4 Nfe7 14. Bf4 h5
15. h3 Ng6 16. Bg3 Be7 17. Kg2 O-O-O 18. Rac1 Kb8 19. a3 Na5 20. b4 Nc6 21. Nb5
hxg4 22. hxg4 Rc8 23. Nd6 Bxd6 24. exd6 f6 25. Re1 Rhe8 26. Qd3 Nh8 27. Qh7 a6
28. g5 Rcd8 29. a4 e5 30. b5 axb5 31. axb5 e4 32. Nh2 Nxd4 33. Rc7 Qf5 34. Qxg7
Qc8 35. Rxc8+ Rxc8 36. d7+ 1-0